Financing and commercial agreements for the supply and erection of electrical materials and equipment for electrification of 582 communities in the Ashanti, Brong Ahafo, Eastern, Volta and Western Regions (Phase 2) and the waiver of taxes and duties (Record no. 4097)
[ view plain ]
| 000 -LEADER | |
|---|---|
| fixed length control field | 00901nam a22001697a 4500 |
| 003 - CONTROL NUMBER IDENTIFIER | |
| control field | OSt |
| 005 - DATE AND TIME OF LATEST TRANSACTION | |
| control field | 20250604115351.0 |
| 008 - FIXED-LENGTH DATA ELEMENTS--GENERAL INFORMATION | |
| fixed length control field | 240628b |||||||| |||| 00| 0 eng d |
| 041 ## - LANGUAGE CODE | |
| Language code of text/sound track or separate title | English |
| 082 ## - DEWEY DECIMAL CLASSIFICATION NUMBER | |
| Classification number | Class No. PM/WTD/19 Acc No. 9108 |
| 110 ## - MAIN ENTRY--CORPORATE NAME | |
| Corporate name or jurisdiction name as entry element | Ministry of Energy |
| 245 ## - TITLE STATEMENT | |
| Title | Financing and commercial agreements for the supply and erection of electrical materials and equipment for electrification of 582 communities in the Ashanti, Brong Ahafo, Eastern, Volta and Western Regions (Phase 2) and the waiver of taxes and duties |
| 260 ## - PUBLICATION, DISTRIBUTION, ETC. | |
| Place of publication, distribution, etc. | Accra: |
| Name of publisher, distributor, etc. | Ministry of Energy, |
| Date of publication, distribution, etc. | 2019 |
| 300 ## - PHYSICAL DESCRIPTION | |
| Extent | [ii], 6p.; tabs |
| 653 ## - INDEX TERM--UNCONTROLLED | |
| Uncontrolled term | 1. Financing and Commercial Agreements 2. Supply and erection of electrical materials and equipment 3. electrification of 582 communities in the Ashanti, Brong Ahafo, Eastern, Volta and Western Regions (Phase 2) 4. waiver of taxes and duties |
| 942 ## - ADDED ENTRY ELEMENTS (KOHA) | |
| Source of classification or shelving scheme | Dewey Decimal Classification |
| Koha item type | Agreements |
| Suppress in OPAC | No |
No items available.